Normal view
MARC view
- United States
Entry Geographic Name
001 - CONTROL NUMBER
- control field: 1042
003 - CONTROL NUMBER IDENTIFIER
- control field: KE-NaSUL
005 - DATE AND TIME OF LATEST TRANSACTION
- control field: 20170311170306.0
008 - FIXED-LENGTH DATA ELEMENTS
- fixed length control field: 170311|| aca||aabn | a|a d
040 ## - CATALOGING SOURCE
- Original cataloging agency: KE-NaSUL
- Transcribing agency: KE-NaSUL
151 ## - HEADING--GEOGRAPHIC NAME
- Geographic name: United States
- General subdivision: Description and travel.
670 ## - SOURCE DATA FOUND
- Source citation: Work cat.: (KE-NaSUL)0: Reeves, Richard, 1936- 1038, American journey :, c1982.